La promesse démocratique : Gouverner dans le monde qui vient (notice n° 1925725)

détails MARC
000 -LEADER
fixed length control field 01619cam a2200133 4500500
005 - DATE AND TIME OF LATEST TRANSACTION
control field 20260329023235.0
041 ## - LANGUAGE CODE
Language code of text/sound track or separate title fre
042 ## - AUTHENTICATION CODE
Authentication code dc
100 10 - MAIN ENTRY--PERSONAL NAME
Personal name Gilli, Frédéric
Relator term author
245 00 - TITLE STATEMENT
Title La promesse démocratique : Gouverner dans le monde qui vient
260 ## - PUBLICATION, DISTRIBUTION, ETC.
Name of publisher, distributor, etc. Armand Colin,<br/>
Date of publication, distribution, etc. 2022.<br/>
520 ## - SUMMARY, ETC.
Summary, etc. Un monde s’invente sous nos yeux qui semble nous échapper. Qu’il s’agisse du climat, de la globalisation, de la crise sanitaire ou du numérique, ces questions nouvelles suscitent une défiance inédite envers les systèmes démocratiques dont on trouve les échos dans les records d’abstention, la crise des Gilets Jaunes et les manifestations contre le passe sanitaire. Les modèles forgés au fil des quatre derniers siècles semblent épuisés.La voie d’un dépassement existe pourtant, nous n’avons même jamais été aussi proches de réaliser la promesse démocratique d’une émancipation individuelle et collective et d’une maîtrise de nos vies et notre avenir.En partant du constat qu’il y a un écart manifeste entre les discours propagés sur le retrait des citoyens de tous les espaces politiques et le fait que, sur le terrain, les Français n’ont presque jamais fait autant de politique, cet ouvrage présente un tout autre visage des citoyens, esquissant une façon différente de gouverner nos sociétés.Un ouvrage à la fois sans concession sur le diagnostic mais aussi très optimiste sur la possibilité d’inventer une issue et porteur d'espoir.
856 41 - ELECTRONIC LOCATION AND ACCESS
Uniform Resource Identifier <a href="https://shs.cairn.info/la-promesse-democratique--9782200632830?lang=fr&redirect-ssocas=7080">https://shs.cairn.info/la-promesse-democratique--9782200632830?lang=fr&redirect-ssocas=7080</a>

Pas d'exemplaire disponible.

PLUDOC

PLUDOC est la plateforme unique et centralisée de gestion des bibliothèques physiques et numériques de Guinée administré par le CEDUST. Elle est la plus grande base de données de ressources documentaires pour les Étudiants, Enseignants chercheurs et Chercheurs de Guinée.

Adresse

627 919 101/664 919 101

25 boulevard du commerce
Kaloum, Conakry, Guinée

Réseaux sociaux

Powered by Netsen Group @ 2025